Normal view
MARC view
Entry Personal Name
001 - CONTROL NUMBER
- control field: 15824
003 - CONTROL NUMBER IDENTIFIER
- control field: OSt
005 - DATE AND TIME OF LATEST TRANSACTION
- control field: 20220301133523.0
008 - FIXED-LENGTH DATA ELEMENTS
- fixed length control field: 220301|| aca||aabn | a|a d
040 ## - CATALOGING SOURCE
- Original cataloging agency: OSt
- Transcribing agency: OSt
100 ## - HEADING--PERSONAL NAME
- Personal name: Castles, Stephen : Miller , Mark j
670 ## - SOURCE DATA FOUND
- Source citation: Work cat.: (OSt): Castles, Stephen : Miller , Mark j, The age of migration, , 2009
